000 00481nam a2200169Ia 4500
008 110201s9999 xx 000 0 und d
082 _bB932
_aK 752
100 _aवर्टी अ.वा.
245 _aकठपूतळया
260 _bसरस साहित्य
365 _b18
600 _aवर्टी अ.वा.
630 _aकठपूतळया
700 _aवर्टी अ.वा.
730 _aकठपूतळया
942 _cBOOK
999 _c828302
_d828299